ARRUPE JESUIT UNIVERSITY

CORONAVIRUS -STOP THE SPREAD - CLEAN,DISINFECT,COVER

A concise history of history : (Record no. 129628)

MARC details
000 -LEADER
fixed length control field 01174cam a22003018i 4500
001 - CONTROL NUMBER
control field 20604015
003 - CONTROL NUMBER IDENTIFIER
control field ARRUPE
005 - DATE AND TIME OF LATEST TRANSACTION
control field 20190522100014.0
008 - FIXED-LENGTH DATA ELEMENTS--GENERAL INFORMATION
fixed length control field 180727s2019 enk 001 0 eng
010 ## - LIBRARY OF CONGRESS CONTROL NUMBER
LC control number 2018035148
020 ## - INTERNATIONAL STANDARD BOOK NUMBER
International Standard Book Number 9781108426190
040 ## - CATALOGING SOURCE
Original cataloging agency DLC
Language of cataloging eng
Description conventions rda
Transcribing agency DLC
042 ## - AUTHENTICATION CODE
Authentication code pcc
050 00 - LIBRARY OF CONGRESS CALL NUMBER
Classification number D13
Item number .W687 2019
082 00 - DEWEY DECIMAL CLASSIFICATION NUMBER
Classification number 907.2
Edition number 23
300 ## - PHYSICAL DESCRIPTION
Dimensions 23cm.
100 1# - MAIN ENTRY--PERSONAL NAME
Personal name Woolf, D. R.
Fuller form of name (Daniel R.),
Relator term author.
9 (RLIN) 46470
245 12 - TITLE STATEMENT
Title A concise history of history :
Remainder of title global historiography from antiquity to the present /
Statement of responsibility, etc Daniel Woolf, Queen's University, Ontario.
260 ## - PUBLICATION, DISTRIBUTION, ETC. (IMPRINT)
Place of publication, distribution, etc Cambridge
Name of publisher, distributor, etc Cambridge University Press
Date of publication, distribution, etc 2019
263 ## - PROJECTED PUBLICATION DATE
Projected publication date 1811
300 ## - PHYSICAL DESCRIPTION
Extent xviii, 342p. ;
500 ## - GENERAL NOTE
General note Includes index.
650 #0 - SUBJECT ADDED ENTRY--TOPICAL TERM
Topical term or geographic name as entry element Historiography
General subdivision History.
9 (RLIN) 4071
906 ## - LOCAL DATA ELEMENT F, LDF (RLIN)
a 7
b cbc
c orignew
d 1
e ecip
f 20
g y-gencatlg
942 ## - ADDED ENTRY ELEMENTS (KOHA)
Source of classification or shelving scheme Library of Congress Classification
Koha item type Monograph ( Printed materials)
Holdings
Withdrawn status Lost status Source of classification or shelving scheme Damaged status Not for loan Collection code Home library Current library Shelving location Date acquired Total Checkouts Full call number Barcode Date last seen Date checked out Price effective from Koha item type
    Library of Congress Classification     Main Collection ARRUPE LIBRARY ARRUPE LIBRARY Main Collection 22/05/2019 1 D13 .W687 2019 46600004785 05/04/2022 07/03/2022 22/05/2019 Monograph ( Printed materials)

 

Arrupe Library. PO Box MP320 Mt Pleasant, Harare, Zimbabwe
263 242 745411|librarian@aju.ac.zw